000 01644cam a2200313 i 4500
001 32165
003 BD-RjUL
005 20211209051809.0
008 140424r19761892ch b 000 0 eng d
035 _a(BD-RjUL)32254
040 _aBD-RjUL
_beng
_cBD-RjUL
_dBD-RjUL
041 _aeng
082 _a299.51
_bGRR V-3 BK-1 (Pt.-3) 1976
100 1 0 _aGroot, J. J. M. de
_q(Jan Jakob Maria),
_d1854-1921.
_997879
245 1 4 _aThe religious system of China :
_bits ancient forms, evolution, history and present aspect, manners, customs and social institutions connected therewith /
_cby J.J.M. de Groot.
_nVolume III.
_nBook I :
_pDisposal of the dead.
_nPart III :
_pThe grave (second half).
260 0 _aTaipei :
_bCh'eng Wen Publishing Company,
_c1892 [Reprinted 1976.]
300 _a829-1466 p.), l:
_bill. ;
_c20 cm.
500 _a"Published with a subvention from the Dutch colonial government".
500 _a"Reprinted by Ch'eng Wen publishing company, Taipei 1972".
500 _aVolumes 1-3 and 4-6 paged continuously.
504 _aIncludes bibliographical references.
505 0 _av. 1-3. Book 1. Disposal of the dead: pt. 1. Funeral rites -- pt. 2. The ideas of resurrection -- pt. 3. The grave (second half) -- v. 4-6. Book 2. On the soul and ancestral worship: pt. 1. The soul in philosophy and folk-conception -- pt. 2. Demonology -- pt. 3. Sorcery -- pt. 4. The war against spectres -- pt. 5. The priesthood of Animism.
650 0 _aAncestor worship.
_997894
650 0 _aBurial.
_997895
650 0 _aDemonology.
_997896
650 0 _aWitchcraft
_zChina.
_997735
651 0 _aChina
_xReligion.
_997897
942 _2ddc
_cBK
999 _c32165
_d32165